000 01048nam a2200277Ia 4500
003 OSt
005 20221005111010.0
006 a|||||r|||| 00| 0
007 ta
008 221004b |||||||| |||| 00| 0 hin d
020 _a9788183611527 (hbk)
_c350
024 _a17524
037 _bBR8399, 21/03/2015, Rajkamal Prakashan Pvt. Ltd.
_cTextual
040 _aCRL
_cCRL
_bhin
041 _2hin
_ahin
082 _aO157,3N26,3, 152M1;P8
100 _aमहाश्वेता देवी
245 0 _aचोट्टि मुण्डा और उसका तीर
246 _aChoṭṭi muṇḍā aur usakā tīra
250 _a3 संस्करण
260 _aनई दिल्ली
_bराधाकृष्ण भारत
_c2008
300 _a318पृ0
_ccm.
650 _aहिन्दी साहित्य
942 _hO157,3N26,3, 152M1;P8
_cTEXL
_2cc
999 _c1020519
_d1020519